A home in the city / (Record no. 13841)

000 -LEADER
fixed length control field 01832cam a2200445 a 4500
001 - CONTROL NUMBER
control field 14165486
005 - DATE AND TIME OF LATEST TRANSACTION
control field 20170105102840.0
008 - FIXED-LENGTH DATA ELEMENTS--GENERAL INFORMATION
fixed length control field 051107s2005 enka b 000 0 eng d
010 ## - LIBRARY OF CONGRESS CONTROL NUMBER
LC control number 2005620670
020 ## - INTERNATIONAL STANDARD BOOK NUMBER
International Standard Book Number 1844072304
035 ## - SYSTEM CONTROL NUMBER
System control number (DLC)2005620670
035 ## - SYSTEM CONTROL NUMBER
System control number (DLC)3120
035 ## - SYSTEM CONTROL NUMBER
System control number (OCoLC)ocm60821474
040 ## - CATALOGING SOURCE
Original cataloging agency BID
Transcribing agency BID
Modifying agency TXA
-- BAKER
-- DLC
042 ## - AUTHENTICATION CODE
Authentication code lccopycat
043 ## - GEOGRAPHIC AREA CODE
Geographic area code d------
050 00 - LIBRARY OF CONGRESS CALL NUMBER
Classification number HV4173
Item number .H66 2005
082 00 - DEWEY DECIMAL CLASSIFICATION NUMBER
Classification number 307.3364
Edition number 22
245 02 - TITLE STATEMENT
Title A home in the city /
Statement of responsibility, etc. lead authors, Pietro Garau, Elliott D. Sclar, Gabriella Y. Carolini.
246 18 - VARYING FORM OF TITLE
Title proper/short title Task Force on Improving the Lives of Slum Dwellers
260 ## - PUBLICATION, DISTRIBUTION, ETC.
Place of publication, distribution, etc. London :
-- Sterling, Va. :
Name of publisher, distributor, etc. Earthscan,
Date of publication, distribution, etc. c2005.
300 ## - PHYSICAL DESCRIPTION
Extent xxi, 158 p. :
Other physical details ill. ;
Dimensions 26 cm.
500 ## - GENERAL NOTE
General note "UN Millennium Project 2005, Task Force on Improving the Lives of Slum Dwellers."
500 ## - GENERAL NOTE
General note Sposored by the United Nations Development Programme on behalf of the UN Development Group.
504 ## - BIBLIOGRAPHY, ETC. NOTE
Bibliography, etc. note Includes bibliographical references (p. [147]-158).
538 ## - SYSTEM DETAILS NOTE
System details note Also available in pdf format on the World Wide Web.
650 #0 - SUBJECT ADDED ENTRY--TOPICAL TERM
Topical term or geographic name entry element Urban poor
Geographic subdivision Developing countries
General subdivision Social conditions.
650 #0 - SUBJECT ADDED ENTRY--TOPICAL TERM
Topical term or geographic name entry element Urban poor
Geographic subdivision Developing countries
General subdivision Economic conditions.
650 #0 - SUBJECT ADDED ENTRY--TOPICAL TERM
Topical term or geographic name entry element Slums
Geographic subdivision Developing countries.
650 #0 - SUBJECT ADDED ENTRY--TOPICAL TERM
Topical term or geographic name entry element Community development, Urban
Geographic subdivision Developing countries.
650 #0 - SUBJECT ADDED ENTRY--TOPICAL TERM
Topical term or geographic name entry element Urban policy
Geographic subdivision Developing countries.
700 1# - ADDED ENTRY--PERSONAL NAME
Personal name Garau, Pietro,
Dates associated with a name 1942-
700 1# - ADDED ENTRY--PERSONAL NAME
Personal name Sclar, Elliott.
700 1# - ADDED ENTRY--PERSONAL NAME
Personal name Carolini, Gabriella Y.
710 2# - ADDED ENTRY--CORPORATE NAME
Corporate name or jurisdiction name as entry element UN Millennium Project.
Subordinate unit Task Force on Improving the Lives of Slum Dwellers.
856 ## - ELECTRONIC LOCATION AND ACCESS
Uniform Resource Identifier <a href="http://www.unmillenniumproject.org/documents/Slumdwellers-complete.pdf">http://www.unmillenniumproject.org/documents/Slumdwellers-complete.pdf</a>
906 ## - LOCAL DATA ELEMENT F, LDF (RLIN)
a 7
b cbc
c copycat
d 2
e ncip
f 20
g y-gencatlg
942 ## - ADDED ENTRY ELEMENTS (KOHA)
Source of classification or shelving scheme
Koha item type Book
Holdings
Withdrawn status Lost status Damaged status Not for loan Collection code Permanent Location Current Location Shelving location Date acquired Total Checkouts Full call number Barcode Date last seen Price effective from Koha item type
          Centre for International Peace & Stability (CIPS) Centre for International Peace & Stability (CIPS) General Stacks 08/01/2013   307.3364 GAR 2005 CIPS0000094 08/02/2013 01/05/2017 Book
© 2023 Central Library, National University of Sciences and Technology. All Rights Reserved.